Doña Isabelle II de Bourbon, Reine d'Espagne / (Record no. 153548)

MARC details
000 -LEADER
campo de control de longitud fija 00738nam a22001935i 4500
001 - NÚMERO DE CONTROL
campo de control 153548
003 - IDENTIFICADOR DE NÚMERO DE CONTROL
campo de control ES-MaACL
005 - FECHA Y HORA DE LA ÚLTIMA TRANSACCIÓN
campo de control 20250727015755.0
008 - DATOS DE LONGITUD FIJA--INFORMACIÓN GENERAL
campo de control de longitud fija 010427s1854 fr |||| | fre d
100 1# - ENTRADA PRINCIPAL--NOMBRE DE PERSONA
Nombre de persona Ochoa, Eugenio de.
9 (RLIN) 86476
245 10 - MENCIÓN DEL TÍTULO
Título Doña Isabelle II de Bourbon, Reine d'Espagne /
Mención de responsabilidad, etc. [Eugenio de Ochoa].
260 ## - PUBLICACIÓN, DISTRIBUCIÓN, ETC.
Lugar de publicación, distribución, etc. Paris :
Nombre del editor, distribuidor, etc. Didier,
Fecha de publicación, distribución, etc. 1854 (
Fabricante Imp. chez Bonaventure et Ducessois)
300 ## - DESCRIPCIÓN FÍSICA
Extensión 48 p. ;
Dimensiones 22 cm.
530 ## - NOTA DISPONIBLE DE FORMULARIO FÍSICO ADICIONAL
Nota de formato físico adicional disponible Disponible en formato digital.
600 04 - PUNTO DE ACCESO ADICIONAL DE MATERIA--NOMBRE DE PERSONA
Nombre de persona Isabel
Numeración II,
Títulos y otros términos asociados al nombre Reina de España
9 (RLIN) 65524
852 4# - LOCALIZACIÓN
Ubicación ES-MaACL
Número de control de estantería T-18-F-2
Nota libre - Enc. hol., falto de cub. original
-- - Enc. en un vol. facticio
856 4# - LOCALIZACIÓN Y ACCESO ELECTRÓNICOS
Identificador Uniforme de Recursos <a href="https://gallica.bnf.fr/ark:/12148/bpt6k62169658 ">https://gallica.bnf.fr/ark:/12148/bpt6k62169658 </a>
Nota pública Gallica (BNF)
Holdings
Estatus retirado Estado de pérdida Estado de daño No para préstamo Colección Biblioteca de origen Biblioteca actual Ubicación en estantería Fecha de adquisición Total de préstamos Signatura topográfica completa Código de barras Visto por última vez Precio de reemplazo Tipo de ítem Koha
        Colección de folletos Biblioteca del Ateneo de Madrid Biblioteca del Ateneo de Madrid Depósito folletos 17/01/2008   T-18-F-2 1160514 23/02/2023 23/02/2023 Folleto